00467nam a22001337a 450000500170000000800410001704100230005808200120008110000220009324501210011526000490023630000230028565000250030820250407065641.0250407b |||||||| |||| 00| 0 eng d aEnglish/Afrikaans  a349 UNI lEnglish/Afrikaans aThe Union Statutes : Classified and Annotated Reprint 1910-1947cedited by S Kentridge, F.N Kendrige and H.P Van Dyk aDurban:bButterworth and Company Ltd, c1963 b944 pages;c23 cm. aLegal practice bLaw